<?xml version="1.0" encoding="UTF-8"?>
<record
    xmlns:xsi="http://www.w3.org/2001/XMLSchema-instance"
    xsi:schemaLocation="http://www.loc.gov/MARC21/slim http://www.loc.gov/standards/marcxml/schema/MARC21slim.xsd"
    xmlns="http://www.loc.gov/MARC21/slim">

  <leader>00812nam a22002177a 4500</leader>
  <controlfield tag="001">38322</controlfield>
  <controlfield tag="003">BD-RjUL</controlfield>
  <controlfield tag="005">20211209052754.0</controlfield>
  <controlfield tag="008">151104s1998    ii ||||| |||| 00| 0 ben d</controlfield>
  <datafield tag="035" ind1=" " ind2=" ">
    <subfield code="a">(BD-RjUL)38427</subfield>
  </datafield>
  <datafield tag="040" ind1=" " ind2=" ">
    <subfield code="a">BD-RjUL</subfield>
    <subfield code="b">eng</subfield>
    <subfield code="c">BD-RjUL</subfield>
  </datafield>
  <datafield tag="041" ind1=" " ind2=" ">
    <subfield code="a">eng</subfield>
  </datafield>
  <datafield tag="082" ind1=" " ind2=" ">
    <subfield code="a">781.629144</subfield>
    <subfield code="b">JHU 1998</subfield>
  </datafield>
  <datafield tag="245" ind1=" " ind2=" ">
    <subfield code="a">&#x99D;&#x9C1;&#x9AE;&#x9C1;&#x9B0; : </subfield>
    <subfield code="b">&#x986;&#x9B2;&#x9CB;&#x99A;&#x9A8;&#x9BE; &#x993; &#x9B8;&#x982;&#x997;&#x9CD;&#x9B0;&#x9B9; /</subfield>
    <subfield code="c">&#x9B8;&#x9A8;&#x9CE;&#x995;&#x9C1;&#x9AE;&#x9BE;&#x9B0; &#x9AE;&#x9BF;&#x9A4;&#x9CD;&#x9B0; &#x9B8;&#x9AE;&#x9CD;&#x9AA;&#x9BE;&#x9A6;&#x9BF;&#x9A4;</subfield>
  </datafield>
  <datafield tag="260" ind1=" " ind2=" ">
    <subfield code="a">&#x995;&#x9B2;&#x9BF;&#x995;&#x9BE;&#x9A4;&#x9BE; :</subfield>
    <subfield code="b">&#x9AA;&#x9C1;&#x9B8;&#x9CD;&#x9A4;&#x995; &#x9AC;&#x9BF;&#x9AA;&#x9A3;&#x9BF;,</subfield>
    <subfield code="c">&#x9E7;&#x9EF;&#x9EF;&#x9EE;</subfield>
  </datafield>
  <datafield tag="300" ind1=" " ind2=" ">
    <subfield code="a">&#x9E7;&#x9ED;&#x9EC; &#x9AA;&#x9C3;. ;</subfield>
    <subfield code="c">&#x9E7;&#x9EF; &#x9B8;&#x9C7;&#x9AE;&#x9BF;.</subfield>
  </datafield>
  <datafield tag="650" ind1=" " ind2=" ">
    <subfield code="a">&#x9B2;&#x9CB;&#x995; &#x9B8;&#x982;&#x999;&#x9CD;&#x997;&#x9C0;&#x9A4;, &#x9AC;&#x9BE;&#x999;&#x9BE;&#x9B2;&#x9BF;</subfield>
    <subfield code="9">118442</subfield>
  </datafield>
  <datafield tag="650" ind1=" " ind2=" ">
    <subfield code="a">Folk-songs, Bengali. </subfield>
    <subfield code="9">117495</subfield>
  </datafield>
  <datafield tag="700" ind1=" " ind2=" ">
    <subfield code="a">&#x9AE;&#x9BF;&#x9A4;&#x9CD;&#x9B0;, &#x9B8;&#x9A8;&#x9A4;&#x995;&#x9C1;&#x9AE;&#x9BE;&#x9B0;</subfield>
    <subfield code="9">118443</subfield>
  </datafield>
  <datafield tag="942" ind1=" " ind2=" ">
    <subfield code="2">ddc</subfield>
    <subfield code="c">BK</subfield>
    <subfield code="0">2</subfield>
  </datafield>
  <datafield tag="999" ind1=" " ind2=" ">
    <subfield code="c">38322</subfield>
    <subfield code="d">38322</subfield>
  </datafield>
  <datafield tag="952" ind1=" " ind2=" ">
    <subfield code="0">0</subfield>
    <subfield code="1">0</subfield>
    <subfield code="2">ddc</subfield>
    <subfield code="4">0</subfield>
    <subfield code="7">0</subfield>
    <subfield code="8">NFIC</subfield>
    <subfield code="a">RUCL</subfield>
    <subfield code="b">RUCL</subfield>
    <subfield code="c">Stack</subfield>
    <subfield code="d">2008-01-21</subfield>
    <subfield code="e">&#x9A2;&#x9BE;&#x995;&#x9BE;, &#x9AA;&#x9CD;&#x9AF;&#x9BE;&#x9B0;&#x9BE;&#x997;&#x9A8; &#x98F;&#x9A8;&#x9CD;&#x99F;&#x9BE;&#x9B0;&#x9AA;&#x9CD;&#x9B0;&#x9BE;&#x987;&#x99C;</subfield>
    <subfield code="g">60.00</subfield>
    <subfield code="l">2</subfield>
    <subfield code="o">B 781.629144 JHU 1998</subfield>
    <subfield code="r">2015-12-12 00:00:00</subfield>
    <subfield code="s">2015-11-08</subfield>
    <subfield code="t">C-2</subfield>
    <subfield code="w">2015-11-04</subfield>
    <subfield code="y">BK</subfield>
  </datafield>
  <datafield tag="952" ind1=" " ind2=" ">
    <subfield code="0">0</subfield>
    <subfield code="1">0</subfield>
    <subfield code="2">ddc</subfield>
    <subfield code="4">0</subfield>
    <subfield code="7">0</subfield>
    <subfield code="8">NFIC</subfield>
    <subfield code="a">RUCL</subfield>
    <subfield code="b">RUCL</subfield>
    <subfield code="c">Stack</subfield>
    <subfield code="d">2008-01-21</subfield>
    <subfield code="e">Paragon Enterprise Lit., Dhaka</subfield>
    <subfield code="g">60.00</subfield>
    <subfield code="l">0</subfield>
    <subfield code="o">B 781.629144 JHU 1998</subfield>
    <subfield code="r">2016-08-09 00:00:00</subfield>
    <subfield code="t">C-3</subfield>
    <subfield code="w">2016-08-09</subfield>
    <subfield code="y">BK</subfield>
  </datafield>
  <datafield tag="952" ind1=" " ind2=" ">
    <subfield code="0">0</subfield>
    <subfield code="1">0</subfield>
    <subfield code="2">ddc</subfield>
    <subfield code="4">0</subfield>
    <subfield code="7">0</subfield>
    <subfield code="8">NFIC</subfield>
    <subfield code="a">RUCL</subfield>
    <subfield code="b">RUCL</subfield>
    <subfield code="c">Stack</subfield>
    <subfield code="d">2008-01-21</subfield>
    <subfield code="e">Paragon Enterprise Lit., Dhaka</subfield>
    <subfield code="g">60.00</subfield>
    <subfield code="l">0</subfield>
    <subfield code="o">B 781.629144 JHU 1998</subfield>
    <subfield code="r">2016-08-09 00:00:00</subfield>
    <subfield code="t">C-4</subfield>
    <subfield code="w">2016-08-09</subfield>
    <subfield code="y">BK</subfield>
  </datafield>
  <datafield tag="952" ind1=" " ind2=" ">
    <subfield code="0">0</subfield>
    <subfield code="1">0</subfield>
    <subfield code="2">ddc</subfield>
    <subfield code="4">0</subfield>
    <subfield code="7">1</subfield>
    <subfield code="8">NFIC</subfield>
    <subfield code="a">RUCL</subfield>
    <subfield code="b">RUCL</subfield>
    <subfield code="c">Reading</subfield>
    <subfield code="d">2008-01-21</subfield>
    <subfield code="e">Paragon Enterprises Dhaka</subfield>
    <subfield code="g">60.00</subfield>
    <subfield code="l">0</subfield>
    <subfield code="o">B 781.629144 JHU 1998</subfield>
    <subfield code="r">2017-01-23 00:00:00</subfield>
    <subfield code="t">C-1</subfield>
    <subfield code="w">2017-01-23</subfield>
    <subfield code="y">BK</subfield>
  </datafield>
  <datafield tag="952" ind1=" " ind2=" ">
    <subfield code="0">0</subfield>
    <subfield code="1">0</subfield>
    <subfield code="2">ddc</subfield>
    <subfield code="4">0</subfield>
    <subfield code="7">0</subfield>
    <subfield code="8">NFIC</subfield>
    <subfield code="a">RUCL</subfield>
    <subfield code="b">RUCL</subfield>
    <subfield code="c">Stack</subfield>
    <subfield code="d">2008-01-21</subfield>
    <subfield code="e">Paragon Enterprises Dhaka</subfield>
    <subfield code="g">60.00</subfield>
    <subfield code="l">0</subfield>
    <subfield code="o">B 781.629144 JHU 1998</subfield>
    <subfield code="r">2017-05-02 00:00:00</subfield>
    <subfield code="t">C-5</subfield>
    <subfield code="w">2017-05-02</subfield>
    <subfield code="y">BK</subfield>
  </datafield>
</record>
